000 01031 a2200229 4500
001 34645
005 20260407155632.0
008 260407a2014 arg spa d
003 AR-UNSa-BCEJYS
040 _aAR-UNSa-BCEJYS
_bspa
_cAR-UNSa-BCEJYS
080 _a330.834
_xKeynes y el keynesianismo. Neokeynesianismo. Poskeynesianismo
245 1 0 _aPost-Keynesian economics
_pnew foundations
020 _a978-1-78347-528-5
264 1 _aCheltenham :
_bEdward Elgar
_c2014
300 _axiii, 660 p.
_c24 cm.
505 _a1. Essentials of heterodox and post-Keynesian economics - 2. theory of choice - 3. Theory of the firm - 4. Credit, money and central banks - 5. Effective demand and employment - 6. Accumulation and capacity - 7. Open-economy macroeconomics - 8. Inflation theory - 9. Concluding remarks
041 _aspa
942 _cBK
590 _aniveau_biblio:m niveau_hierar:0
100 1 _aLavoie, Marc
856 4 1 _uhttps://biblioeco.unsa.edu.ar/pmb/images/libros/postKeynesianEco.jpg
_yImagen de portada
_qimage/jpeg
999 _c2474
_d2474